Geografia con la lettera "F" - Statistics

Statistiche generali
  • Questo quiz è stato fatto 118 volte
  • Il punteggio medio è 21 su 34
Statistiche sulle risposte
Suggerimento Risposta % Corretto
Paese con capitale Helsinki Finlandia
94%
Capoluogo della Toscana Firenze
94%
Regione con capoluogo Trieste Friuli-Venezia Giulia
93%
Provincia dell'Emilia Romagna Forlì-Cesena
92%
Paese con capitale Parigi Francia
92%
Comune in provincia di Roma, noto per l'aereoporto più trafficato d'Italia (Lazio) Fiumicino
91%
Paese con capitale Manila Filippine
88%
Provincia del Lazio Frosinone
88%
Provincia della Puglia Foggia
87%
Vulcano e montagna più alta del Giappone Fuji
87%
Provincia dell'Emilia Romagna Ferrara
82%
Regione con capoluogo Bruxelles Fiandre
80%
Città che ospita la BCE e la Borsa Tedesca (Germania) Francoforte sul Meno
79%
Stato con capitale Tallahassee (USA) Florida
78%
Paese con capitale Suva Figi
71%
Provincia delle Marche Fermo
70%
Territorio d'oltremare inglese rivendicato dall'Argentina Falkland
66%
Arcipelago danese tra Islanda e Scozia Fær Øer
61%
Isola delle Canarie (Spagna) Fuerteventura
56%
Isola nell'arcipelago delle Eolie (Messina, Sicilia) Filicudi
53%
Città più popolosa della Pennsylvania (USA) Filadelfia
52%
Comune in provincia di Pesaro e Urbino (+60K abitanti) Fano
51%
Capitale della Sierra Leone Freetown
51%
Comune in provincia di Perugia (+55K abitanti) Foligno
50%
Comune in provincia di Ravenna (+58K abitanti) Faenza
47%
Seconda città più popolosa del Marocco Fes
46%
Nome portoghese dell'attuale isola di Taiwan Formosa
42%
Principale isola dell'arcipelago delle Egadi (Sicilia) Favignana
38%
Quartiere romano che ospita il Museo MAXXI e lo Stadio Flaminio
37%
Capitale di Tuvalu Funafuti
36%
Massiccio nel Sud Ovest della Germania Foresta Nera
30%
Capitale del Kentucky (USA) Frankfort
13%
Città più popolosa del Dakota del Nord (USA) Fargo
12%
Capitale storica della Tracia e seconda città per popolazione della Bulgaria Filippopoli
11%
Nessun quiz corrispondente trovato
Distribuzione punteggi
Percentuale di utenti per punteggio
Percentile per numero di risposta
I tuoi punteggi nel tempo
Non hai fatto questo quiz